Current Diagnosis & Treatment in Vasclar Surgery: (Record no. 34373)

MARC details
000 -LEADER
fixed length control field 00471nam a22001577a 4500
003 - CONTROL NUMBER IDENTIFIER
control field OSt
005 - DATE AND TIME OF LATEST TRANSACTION
control field 20220406092357.0
008 - FIXED-LENGTH DATA ELEMENTS--GENERAL INFORMATION
fixed length control field 220405b |||||||| |||| 00| 0 eng d
020 ## - INTERNATIONAL STANDARD BOOK NUMBER
International Standard Book Number 0838513514
040 ## - CATALOGING SOURCE
Transcribing agency HU
082 ## - DEWEY DECIMAL CLASSIFICATION NUMBER
Classification number 612.13 CUR 1995
245 ## - TITLE STATEMENT
Title Current Diagnosis & Treatment in Vasclar Surgery:
Statement of responsibility, etc. richard h. dean, james s.t. & david ccc. brewster
260 ## - PUBLICATION, DISTRIBUTION, ETC.
Place of publication, distribution, etc. NORWALK
Name of publisher, distributor, etc. APPLETON & LANGE
Date of publication, distribution, etc. 1995
300 ## - PHYSICAL DESCRIPTION
Extent XIV, 461P. INDEX
Other physical details ILL
Dimensions 26CM.
942 ## - ADDED ENTRY ELEMENTS (KOHA)
Source of classification or shelving scheme Dewey Decimal Classification
Koha item type Books like text book referance book
Suppress in OPAC No
Holdings
Withdrawn status Lost status Source of classification or shelving scheme Damaged status Not for loan Collection code Home library Current library Shelving location Date acquired Total Checkouts Full call number Barcode Date last seen Copy number Price effective from Koha item type
    Dewey Decimal Classification     Reference Wondo Genet Library Wondo Genet Library General Stacks 04/05/2022   612.13 CUR 1995 WGCFNRL00018579 04/05/2022 1 04/05/2022 Books like text book referance book
    Dewey Decimal Classification     Reference Wondo Genet Library Wondo Genet Library General Stacks 04/06/2022   612.13 CUR 1995 WGCFNRL00018655 04/06/2022 2 04/06/2022 Books like text book referance book
    Dewey Decimal Classification     Reference Wondo Genet Library Wondo Genet Library General Stacks 04/06/2022   612.13 CUR 1995 WGCFNRL00018656 04/06/2022 3 04/06/2022 Books like text book referance book
    Dewey Decimal Classification     Reference Wondo Genet Library Wondo Genet Library General Stacks 04/07/2022   612.13 CUR 1995 WGCFNRL00018703 04/07/2022 4 04/07/2022 Books like text book referance book
    Dewey Decimal Classification     Reference Wondo Genet Library Wondo Genet Library General Stacks 04/07/2022   612.13 CUR 1995 WGCFNRL00018704 04/07/2022 5 04/07/2022 Books like text book referance book